000 00853nam a22002292 4500
001 0000009024
005 20151021151119.0
008 080716s xx 000 0 eng d
020 _a9966949259 :
_cDonation
040 _aKABU
_cKABU
245 1 0 _aTheoretical base for the Kenya macro model :
_bthe KIPPRA-Treasury macro model /
_cFree Huizinga ... [et al].
260 _aNairobi :
_bKIPPRA,
_c2001.
300 _av, 49 p.
650 0 _aMacroeconomics
_xEconometric models
_zKenya.
_@0000160740
651 0 _aKenya
_xEconomic conditions
_xEconometric models
_y1963 -.
_@0000160741
700 1 _aHuizinga, Free.
_@0000160742
908 _a080716
950 _@1
999 _c806
_d806